000 00628nam a2200181 a 4500
001 000025989
005 20200930024216.0
008 110225s2006 dr ab 000 0 spa d
040 _aDO-SdBNP
_bspa
_cBNPHU
100 1 _aBidó Taveras, Cosme B.
_952889
245 1 0 _aEducación ambiental para el desarrollo sostenible /
_cCosme B. Bidó Taveras.
260 _aSanto Domingo :
_bOficina Nacional de Desarrollo de Autor,
_c2006.
300 _a139 p. :
_bil. map., retrs. ;
_c29 cm.
500 _aIncluye índice
504 _aBibliografía: p. 137 -139
590 _aLa biblioteca posee un ejemplar autografiado
049 _aBNPD
999 _c25481
_d25481